Hooky : (Záznam č. 34126)
| 000 -Návěští | |
|---|---|
| Řídící pole kódované 24B | 02003nam a22003617i 4500 |
| 001 - Kontrolní číslo | |
| Řídící pole proměnné | 0123797 |
| 003 - Identifikátor kontrolního čísla | |
| Řídící pole proměnné | CZ PrSKC |
| 005 - Datum posledního zpracování | |
| Řídící pole 16B | 20260402110317.0 |
| 007 - Pole pevné délky pro fyzický popis | |
| Řídící pole kódované | ta |
| 008 - Údaje pevné délky | |
| Řídící pole kódované 40B | 251003s2025 xr a c 6 000 1 cze d |
| 020 ## - ISBN | |
| ISBN | 9788076798823 |
| Dostupnost | Kč 449.00 |
| 040 ## - Zdroj katalogizace-agentura | |
| Agentura původní katalogizace | BOG001 |
| Jazyk katalogizace | cze |
| Použitá pravidla popisu | rda |
| 041 1# - Kód jazyka | |
| Kód jazyka textu/zvuku, mezititulků | cze |
| Kód jazyka originálu | eng |
| 072 #7 - Kód předmětové kategorie - Konspekt | |
| Předmětová kategorie | 741.52 |
| Zpřesnění předmětové kategorie | Komiksy. Komiksové adaptace |
| Zdroj předmětové klasifikace | Konspekt |
| 072 #7 - Kód předmětové kategorie - Konspekt | |
| Předmětová kategorie | 821-93 |
| Zpřesnění předmětové kategorie | Literatura pro děti a mládež (beletrie) |
| Zdroj předmětové klasifikace | Konspekt |
| 080 ## - MDT | |
| Klasifikační znak MDT | 741/744 |
| 080 ## - MDT | |
| Klasifikační znak MDT | 821-93 |
| 100 0# - Hlavní záhlaví - osobní jméno autora | |
| Osobní jméno | Míriam B., |
| Datumy související se jménem | 1994- |
| Kód role | aut |
| 9 (RLIN) | 20588 |
| 240 10 - Unifikovaný název | |
| Unifikovaný název | <a href="Hooky.">Hooky.</a> |
| Jazyk díla | Česky |
| 245 10 - Údaje o názvu | |
| Název | Hooky : |
| Další údaje o názvu | magie za školou. |
| Číslo části/sekce díla | 1 / |
| Údaj o odpovědností, atd. | Míriam Bonastreová Turová ; z anglického Hooky, vol. 1 ... přeložila: Hana Vrábelová |
| 246 30 - Variantní vázvy | |
| Hlavní název/zkrácený název | Magie za školou |
| 250 ## - Údaje o vydání | |
| Označení vydání | První vydání |
| 264 #1 - Nakladatelské údaje | |
| Místo vydání | Praha : |
| Nakladatel | Crew, |
| Rok vydání | 2025 |
| 300 ## - Fyzický popis | |
| Rozsah | 384 stran : |
| další fyzické údaje | barevné ilustrace ; |
| Rozměry | 21 cm |
| 520 2# - Anotace | |
| Anotace, atd. | Dvojčata, jedno proroctví a spousta legrace - původně digitální komiks je fantasy příběhem o kouzlení a dobrodružství. |
| Rozšířený text anotace | Když dvanáctiletí Dani a Dorian zmeškají autobus do školy magie, rozhodně nečekají, že je někdo prohlásí za zrádce vlastního druhu. Ale kvůli patálii s dračím vejcem, zlomeným koštětem a vězněm urozené krve se jejich podobizny ocitnou na plakátech hledaných zločinců po celé zemi! Pronásledují je mocné rodiny pátrající po králi čarodějů z tajemného proroctví i šlechta hledající zmizelé prince, a dvojčata tak nevědí, komu můžou věřit. Naštěstí na to nejsou sama: s pomocí místní princezny potížistky a učitele, který vidí do budoucnosti, třeba ještě zvládnou svá jména očistit... ale bude to stačit, aby sjednotila království rozervané svárem? Nakladatelská anotace. Kráceno. |
| 653 0# - Rejstříkový termín - volně tvořený | |
| Volně tvořený termín | bublinkové písmo |
| 655 #7 - Rejstříkový termín - žánr/forma | |
| Žánr/forma či základní termín | manga |
| -- | 14003 |
| 655 #7 - Rejstříkový termín - žánr/forma | |
| Žánr/forma či základní termín | fantasy komiksy |
| -- | 10419 |
| 655 #7 - Rejstříkový termín - žánr/forma | |
| Žánr/forma či základní termín | publikace pro děti |
| 700 1# - Vedlejší záhlaví - osobní jméno autora | |
| Osobní jméno | Vrábelová, Hana, |
| Datumy související se jménem | 1987- |
| Kód role | trl |
| 9 (RLIN) | 1050 |
| 910 ## - Údaje o vlastníkovi jednotky (exempláře) | |
| Sigla vlastníka jednotky | ABG508 |
| Stav ztráty | Zdroj klasifikace pro skladování | Stav poškození |
|---|---|---|
| Universal Decimal Classification |